000 00913cam a2200277 a 4500
001 2954
003 FISKH
005 20240125110624.0
008 991216s1999 enka b 000 0 eng
010 _a 99490171
020 _a0670870773
040 _aDLC
_cDLC
043 _ae-uk-en
050 0 0 _aDA685.E1
_bO54 1999
082 _a900
100 1 _aO'Neill, Gilda.
245 1 0 _aMy East End :
_ba history of Cockney London /
_cGilda O'Neill.
260 _aLondon ;
_aNew York :
_bViking,
_c1999
300 _axxiii, 322 pages :
_billustrations ;
_c20 cm.
500 _aEndpapers illustrated.
504 _aIncludes bibliographical references (p. [319]-322).
651 0 _aEast End (London, England)
_xHistory.
906 _a7
_bcbc
_corignew
_d3
_encip
_f19
_gy-gencatlg
942 _2ddc
_cBK
_n0
999 _c2954
_d2954